000 00475nam a2200193 a 4500
001 1756195395046
003 ACL
005 20250826134118.0
008 250826s1991##################000#0#eng##
020 _a9780670837014
082 0 4 _a751
_bMAY
100 1 _aMayer, Ralph,
_eauthor.
245 1 0 _aThe Artist's Handbook of Materials and Techniques :
260 _bViking,
_c1991.
300 _a792 pages
650 0 _aArt.
942 _cENGLISH
040 _aACL
_beng
_cACL
999 _c584115
_d584115